Detalles MARC
| 000 -LIDER |
| fixed length control field |
00831nam a2200277 a 4500 |
| 001 - NÚMERO DE CONTROL |
| Identificador de número de control |
000044498 |
| 003 - IDENTIFICACDOR DE NÚMERO DE CONTROL |
| control field |
DO-SdBNP |
| 005 - DATE AND TIME OF LATEST TRANSACTION |
| control field |
20180327140252.0 |
| 007 - CAMPOS FIJOS DE DESCRIPCIÓN FÍSICA |
| fixed length control field |
000044498 |
| 008 - ELEMENTOS DE LONGITUD FIJA |
| fixed length control field |
140703s2009 dr af 000 0 spa d |
| 020 ## - ISBN |
| Canceled/invalid ISBN |
9789945001730 |
| 040 ## - FUENTE DE CATALOGACIÓN |
| Agencia que crea de manera original el registro |
BPMSU |
| Idioma de catalogación |
spa |
| Agencia que realiza la transcripción |
BPMSU |
| 092 ## - LOCALLY ASSIGNED DEWEY DECIMAL CALL NUMBER |
| Número de clasificación |
RD863.5 |
| Número de ítem (Cutter) |
P573pr |
| 100 1# - ASIENTO PRINCIPAL -- NOMBRE PERSONAL |
| Nombre personal |
Phipps, Miguel |
| 245 13 - MENCIÓN DE TITULO |
| Título |
El príncipe de la envidia / |
| Mención de responsabilidad |
Miguel Phipps ; diseño e ilustración Ohanda Coste. |
| 260 ## - PUBLICACIÓN, DISTRIBUCIÓN, ETC. (PIE DE IMPRENTA) |
| Lugar de publicación, distribución, etc |
Santo Domingo : |
| Nombre del editor, distribuidor, etc. |
Corripio, |
| Fecha de publicación, distribución, etc |
2009. |
| 300 ## - DESCRIPCIÓN FÍSICA |
| Extensión |
20 p. : |
| Otros detalles físicos |
il. ; |
| Dimensiones |
28 cm. |
| 490 1# - MENCIÓN DE SERIES |
| Mención de serie |
Infantil |
| Volume/sequential designation |
11 |
| 650 ## - ENCABEZAMIENTO DE MATERIA--TEMÁTICO |
| Fuente del encabezamiento o término |
CUENTOS INFANTILES DOMINICANOS |
| 650 ## - ENCABEZAMIENTO DE MATERIA--TEMÁTICO |
| Fuente del encabezamiento o término |
LITERATURA INFANTIL DOMINICANA |
| 700 12 - ASIENTO SECUNDARIO -- NOMBRE PERSONAL |
| Nombre personal |
Coste, Ohanda |
| Mención de responsabilidad |
il. |
| 830 #0 - ASIENTO SECUNDARIO DE SERIE--TÍTULO UNIFORME |
| Título uniforme |
Infantil ; |
| Volume number/sequential designation |
11 |
| 942 ## - ADDED ENTRY ELEMENTS (KOHA) |
| Source of classification or shelving scheme |
Dewey Decimal Classification |
| Koha item type |
Libros |
| 945 ## - INFORMACIÓN DE PROCESAMIENTO LOCAL |
| Información de procesamiento local |
Remanejado para la BNPHU / 2018 VM |
| 956 ## - LOCAL ELECTRONIC LOCATION AND ACCESS (OCLC) |
| Nombre de host |
VMATEO |
| Número de acceso |
10 |
| Información de compresión |
20150420 |
| Inicio de sesión |
BND01 |
| Procesador de solicitud |
00151 |